Srimad bhagavadgita bahasya (Record no. 439994)

000 -LEADER
fixed length control field 00319cam a22001217a 4500
008 - FIXED-LENGTH DATA ELEMENTS--GENERAL INFORMATION
fixed length control field 180718b1936 xxu||||| |||| 00| 0 eng d
082 ## - DEWEY DECIMAL CLASSIFICATION NUMBER
Classification number A4x54 T45
100 ## - MAIN ENTRY--PERSONAL NAME
Personal name Tilak, Bal Ganadhar
245 ## - TITLE STATEMENT
Title Srimad bhagavadgita bahasya
Statement of responsibility, etc. by Bal Ganadhar Tilak
260 ## - PUBLICATION, DISTRIBUTION, ETC.
Place of publication, distribution, etc. Poona
Name of publisher, distributor, etc.
Date of publication, distribution, etc. 1936
300 ## - PHYSICAL DESCRIPTION
Extent xlviii,123p.
650 ## - SUBJECT ADDED ENTRY--TOPICAL TERM
Topical term or geographic name entry element Geeta
Holdings
Withdrawn status Lost status Damaged status Not for loan Permanent Location Current Location Date acquired Full call number Barcode Date last seen Price effective from Koha item type
        Indian Institute of Public Administration Indian Institute of Public Administration 2010-05-06 A4x54 T45 3119 2018-07-21 2018-07-21 Book

Powered by Koha